[Event "Duran zt 2.3.5 (Women)"]
[Site "Duran"]
[Date "2012.03.08"]
[Round "6"]
[White "Orejuela Chango, Paulina"]
[Black "Pinargote Carreno, Kassandra"]
[Result "1-0"]
[WhiteElo "1970"]
[BlackElo "1929"]
[PlyCount "75"]
[EventDate "2012.03.05"]
[EventType "swiss"]
[EventRounds "9"]
[EventCountry "ECU"]
[SourceTitle "EXT 2023"]
[Source "ChessBase"]
[SourceDate "2022.10.05"]
[SourceVersion "1"]
[SourceVersionDate "2022.10.05"]
[SourceQuality "1"]

1. e4 c5 2. Nc3 Nc6 3. g3 e6 4. Bg2 Nge7 5. d3 g6 6. Be3 Nd4 7. Qd2 Bg7 8. Nd1 d6 9. c3 Ndc6 10. Ne2 b6 11. 0-0 Bb7 12. f4 d5 13. h3 h5 14. Bf2 Qd7 15. Ne3 dxe4 16. Bxe4 Rd8 17. Rad1 Nd5 18. f5 Nxe3 19. fxe6 Qxe6 20. Qxe3 Bh6 21. Nf4 Bxf4 22. Qxf4 f5 23. Bg2 Kf7 24. Rfe1 Qd6 25. Qg5 Qf6 26. Qf4 Qd6 27. Qc4+ Kg7 28. Re6 Qd7 29. d4 Na5 30. Qe2 Rhe8 31. Qe5+ Kh7 32. Re1 Rxe6 33. Qxe6 Bxg2 34. Qe7+ Kg8 35. Kxg2 Qd5+ 36. Kg1 Nc6 37. Qf6 Kh7 38. Re6 1-0

[Event "Guayaquil zt 2.3.5 (Women)"]
[Site "Guayaquil"]
[Date "2012.03.05"]
[Round "1"]
[White "Orejuela Chango, Paulina"]
[Black "Diaz Alarcon, Maria Fernanda"]
[Result "1-0"]
[WhiteElo "1970"]
[BlackElo "1682"]
[PlyCount "71"]
[EventDate "2012.03.05"]
[EventType "swiss"]
[EventRounds "9"]
[EventCountry "ECU"]
[SourceTitle "EXT 2013"]
[Source "ChessBase"]
[SourceDate "2012.11.22"]
[SourceVersion "1"]
[SourceVersionDate "2012.11.22"]
[SourceQuality "1"]

1. e4 d6 2. Nc3 Nf6 3. d3 g6 4. g3 Bg7 5. Bg2 Nbd7 6. f4 c5 7. Nge2 Rb8 8. 0-0 0-0 9. h3 b5 10. g4 a6 11. Ng3 Bb7 12. Be3 Ne8 13. Qd2 Nc7 14. f5 f6 15. Nce2 Ne5 16. Nf4 Bc6 17. Qf2 g5 18. Nfe2 Be8 19. b3 b4 20. d4 cxd4 21. Nxd4 Qd7 22. Qd2 a5 23. a3 Bf7 24. axb4 axb4 25. Ra7 Qc8 26. Rfa1 Re8 27. Nge2 Nb5 28. Nxb5 Rxb5 29. Nd4 Rb8 30. R1a4 Nc6 31. Nxc6 Qxc6 32. e5 Qb5 33. e6 Bxe6 34. fxe6 Qe5 35. Qd4 Qg3 36. Bf2 1-0

[Event "Pan American-ch U18 Girls"]
[Site "Cali"]
[Date "2011.07.07"]
[Round "8"]
[White "Orejuela Chango, Paulina"]
[Black "Garcia Morales, Ivette Alejandra"]
[Result "1-0"]
[WhiteElo "1951"]
[BlackElo "1932"]
[PlyCount "89"]
[EventDate "2011.07.03"]
[EventType "swiss"]
[EventRounds "9"]
[EventCountry "COL"]
[SourceTitle "CBM 143 Extra"]
[Source "ChessBase"]
[SourceDate "2011.08.29"]
[SourceVersion "1"]
[SourceVersionDate "2011.08.29"]
[SourceQuality "1"]

1. e4 e6 2. d4 d5 3. e5 c5 4. c3 Nc6 5. Nf3 Bd7 6. Be2 Nge7 7. a3 cxd4 8. cxd4 a5 9. b3 Qb6 10. 0-0 Nf5 11. Bb2 Be7 12. Qd3 0-0 13. g4 Nh6 14. h3 Na7 15. Nfd2 Bb5 16. Qf3 Bxe2 17. Qxe2 f5 18. f4 fxg4 19. hxg4 Nc6 20. Qd3 Nxg4 21. Kg2 Rf5 22. Nc3 Qxd4 23. Qxd4 Nxd4 24. Nxd5 Nc6 25. Nxe7+ Nxe7 26. Rf3 Nd5 27. Kg3 h5 28. Nc4 Rf7 29. a4 g6 30. Ba3 Nh6 31. Rg1 Nf5+ 32. Kh3 Kh7 33. Rd1 Rd8 34. Bd6 Nxd6 35. Nxd6 Rc7 36. Rdd3 Rf8 37. Kg3 b6 38. Rd4 Rg8 39. Ne4 Kh6 40. Kh3 Rf8 41. Kg3 Rc2 42. Ng5 Nxf4 43. Rdxf4 Rxf4 44. Kxf4 Rc6 45. Nf7+ 1-0

[Event "Pan American-ch U20 Girls"]
[Site "Duran"]
[Date "2011.06.06"]
[Round "2"]
[White "Mencos, Claudia"]
[Black "Orejuela Chango, Paulina"]
[Result "1-0"]
[WhiteElo "1972"]
[BlackElo "1951"]
[PlyCount "135"]
[EventDate "2011.06.05"]
[EventType "swiss"]
[EventRounds "9"]
[EventCountry "ECU"]
[SourceTitle "EXT 2013"]
[Source "ChessBase"]
[SourceDate "2012.11.22"]
[SourceVersion "1"]
[SourceVersionDate "2012.11.22"]
[SourceQuality "1"]

1. e4 e5 2. Nf3 Nc6 3. Nc3 g6 4. d4 exd4 5. Nxd4 Bg7 6. Be3 Nge7 7. Qd2 d6 8. 0-0-0 Be6 9. Nxe6 fxe6 10. f4 a6 11. g3 Qd7 12. Bh3 Na5 13. Bd4 Bxd4 14. Qxd4 0-0-0 15. b4 Nac6 16. Qc4 Kb8 17. Bxe6 Qe8 18. a4 Nc8 19. b5 Nb6 20. Qb3 axb5 21. axb5 Na7 22. Kb2 c6 23. Ra1 Nxb5 24. Nxb5 cxb5 25. Ra5 Na4+ 26. Rxa4 bxa4 27. Qd5 Qc6 28. Rb1 Qxd5 29. Bxd5 Kc7 30. Ka3 b6 31. Kxa4 Rhe8 32. Kb5 Rb8 33. c4 Re7 34. Ra1 h6 35. Ra7+ Kd8 36. Ra6 Kc7 37. Ra1 h5 38. h3 Rd7 39. g4 hxg4 40. hxg4 Kd8 41. f5 gxf5 42. gxf5 Rc7 43. Rh1 Rc5+ 44. Kb4 Ke7 45. Rh6 Kd7 46. Rh7+ Kc8 47. f6 b5 48. Rh8+ Kc7 49. Rxb8 Kxb8 50. f7 Rc8 51. Be6 Rf8 52. Kxb5 Kc7 53. c5 Rh8 54. Kc4 Kc6 55. Bd5+ Kd7 56. c6+ Kc7 57. Kd4 Kd8 58. Be6 Ke7 59. Kd5 Rh1 60. c7 Rd1+ 61. Kc6 Rc1+ 62. Kb7 Rb1+ 63. Ka6 Ra1+ 64. Kb5 Rb1+ 65. Ka4 Rc1 66. c8Q Rxc8 67. Bxc8 Kxf7 68. Kb5 1-0

[Event "Pan American U16 Girls"]
[Site "Bento Goncalves"]
[Date "2010.08.07"]
[Round "9"]
[White "Asmat, Diana"]
[Black "Orejuela Chango, Paulina"]
[Result "0-1"]
[WhiteElo "1986"]
[BlackElo "2017"]
[PlyCount "106"]
[EventDate "2010.08.02"]
[EventType "swiss"]
[EventRounds "9"]
[EventCountry "BRA"]
[SourceTitle "EXT 2013"]
[Source "ChessBase"]
[SourceDate "2012.11.22"]
[SourceVersion "1"]
[SourceVersionDate "2012.11.22"]
[SourceQuality "1"]

1. e4 e5 2. Nc3 Nf6 3. Nf3 Nc6 4. g3 d6 5. h3 Be7 6. Bg2 h6 7. 0-0 Be6 8. d4 exd4 9. Nxd4 Nxd4 10. Qxd4 c6 11. Be3 0-0 12. Rad1 Qc8 13. Kh2 Rd8 14. Rfe1 d5 15. exd5 Nxd5 16. Nxd5 cxd5 17. c3 Bf6 18. Qb4 Qd7 19. Bd4 Be7 20. Qb3 b6 21. Rd2 Rac8 22. f4 Bc5 23. Red1 Qe7 24. Qc2 g6 25. Bxc5 Qxc5 26. Rd4 Rc7 27. Qd2 Rcd7 28. f5 Bxf5 29. Qxh6 f6 30. Rh4 g5 31. Rhd4 Qe7 32. Qh5 Qe5 33. R1d2 Rh7 34. Qe2 Be6 35. Kg1 Rhd7 36. Qd3 Kg7 37. g4 Bf7 38. Re2 Qd6 39. Qf5 Qc5 40. Kh1 b5 41. Rf2 Rd6 42. Qf3 a5 43. a3 Rb8 44. h4 Rh8 45. h5 Re8 46. Bf1 Re4 47. Bd3 Rxd4 48. cxd4 Qxd4 49. h6+ Kf8 50. h7 Kg7 51. Qf5 Rd8 52. Qf3 Be6 53. Rg2 Rh8 0-1

[Event "Pan American U16 Girls"]
[Site "Bento Goncalves"]
[Date "2010.08.05"]
[Round "5"]
[White "Montilla Reyes, Jorcerys"]
[Black "Orejuela Chango, Paulina"]
[Result "1/2-1/2"]
[WhiteElo "1833"]
[BlackElo "2017"]
[PlyCount "72"]
[EventDate "2010.08.02"]
[EventType "swiss"]
[EventRounds "9"]
[EventCountry "BRA"]
[SourceTitle "EXT 2013"]
[Source "ChessBase"]
[SourceDate "2012.11.22"]
[SourceVersion "1"]
[SourceVersionDate "2012.11.22"]
[SourceQuality "1"]

1. d4 d5 2. c4 e6 3. Nc3 Nf6 4. cxd5 exd5 5. Bg5 Nbd7 6. Qc2 Be7 7. e3 h6 8. Bh4 c6 9. Bd3 b6 10. Nge2 Bb7 11. 0-0 0-0 12. Rfe1 Re8 13. Rad1 Rc8 14. f3 c5 15. Bf2 a6 16. dxc5 bxc5 17. Bf5 Ra8 18. Nf4 Nb6 19. e4 d4 20. e5 Nfd5 21. Nfxd5 Nxd5 22. Ne4 Nb4 23. Qb1 Bd5 24. a3 Nc6 25. Rc1 Qb6 26. Bd7 Red8 27. Bxc6 Bxc6 28. b4 cxb4 29. axb4 Bxb4 30. Rxc6 Qxc6 31. Qxb4 Rab8 32. Qc5 Qxc5 33. Nxc5 Rbc8 34. Nxa6 d3 35. Nc5 Rd5 36. Rc1 Rcxc5 1/2-1/2

[Event "Pan American U16 Girls"]
[Site "Bento Goncalves"]
[Date "2010.08.04"]
[Round "4"]
[White "Orejuela Chango, Paulina"]
[Black "Chumpitaz Carbajal, Ann"]
[Result "1/2-1/2"]
[WhiteElo "2017"]
[BlackElo "2082"]
[PlyCount "72"]
[EventDate "2010.08.02"]
[EventType "swiss"]
[EventRounds "9"]
[EventCountry "BRA"]
[SourceTitle "EXT 2013"]
[Source "ChessBase"]
[SourceDate "2012.11.22"]
[SourceVersion "1"]
[SourceVersionDate "2012.11.22"]
[SourceQuality "1"]

1. e4 e6 2. d4 d5 3. e5 c5 4. c3 Nc6 5. Nf3 Nge7 6. Be2 cxd4 7. cxd4 Nf5 8. b3 Qb6 9. Bb2 Bb4+ 10. Kf1 Be7 11. h4 Qd8 12. g3 Bd7 13. Nc3 Rc8 14. Kg2 a6 15. Rc1 h5 16. Na4 Nb4 17. Rxc8 Qxc8 18. Nb6 Qc7 19. Nxd7 Qxd7 20. a3 Nc6 21. Qd2 Qd8 22. b4 b5 23. Bd3 g6 24. Bxf5 gxf5 25. Ng5 Rg8 26. f4 Nb8 27. Qe2 Rh8 28. Qc2 Kf8 29. Rc1 Kg7 30. Qc7 Qxc7 31. Rxc7 Re8 32. Nh3 Kf8 33. Nf2 Rd8 34. Nd3 Ke8 35. Kf3 Rd7 36. Rc8+ Rd8 1/2-1/2

[Event "Pan American-ch U20 Girls"]
[Site "Cali"]
[Date "2010.05.24"]
[Round "7"]
[White "Cordero, Daniela"]
[Black "Orejuela Chango, Paulina"]
[Result "0-1"]
[WhiteElo "1984"]
[BlackElo "1960"]
[PlyCount "98"]
[EventDate "2010.05.20"]
[EventType "swiss"]
[EventRounds "9"]
[EventCountry "COL"]
[SourceTitle "CBM 136 Extra"]
[Source "ChessBase"]
[SourceDate "2010.07.02"]
[SourceVersion "2"]
[SourceVersionDate "2010.07.15"]
[SourceQuality "1"]

1. Nf3 d5 2. g3 c6 3. Bg2 Nf6 4. 0-0 Bf5 5. b3 e6 6. Bb2 h6 7. c4 Be7 8. d4 0-0 9. Nbd2 Nbd7 10. Ne5 Rc8 11. f3 Re8 12. e4 Bh7 13. Nxd7 Nxd7 14. f4 dxe4 15. Nxe4 Nf6 16. Nc3 Qc7 17. Qf3 Rcd8 18. Rad1 Rd7 19. g4 Bb4 20. g5 hxg5 21. fxg5 Bxc3 22. Qxc3 Ng4 23. Qh3 Bf5 24. Rde1 Red8 25. Qh4 g6 26. d5 f6 27. gxf6 e5 28. Rxf5 gxf5 29. Qg5+ Kf8 30. Ba3+ c5 31. Qxf5 Qa5 32. Re2 Qxa3 33. Qxg4 Qc1+ 34. Kf2 Qf4+ 35. Qxf4 exf4 36. Re4 Rf7 37. Rxf4 Rd6 38. Bh3 Rdxf6 39. Rxf6 Rxf6+ 40. Kg3 Ra6 41. Bc8 Rxa2 42. Bxb7 Rb2 43. Bc6 Rxb3+ 44. Kg4 a5 45. h4 Rb4 46. Bb5 a4 47. d6 a3 48. Kf5 a2 49. Ke6 a1Q 0-1

[Event "Pan American-ch U20 Girls"]
[Site "Cali"]
[Date "2010.05.22"]
[Round "4"]
[White "Romero Echeverria, Abigail"]
[Black "Orejuela Chango, Paulina"]
[Result "1/2-1/2"]
[WhiteElo "2051"]
[BlackElo "1960"]
[PlyCount "39"]
[EventDate "2010.05.20"]
[EventType "swiss"]
[EventRounds "9"]
[EventCountry "COL"]
[SourceTitle "CBM 136 Extra"]
[Source "ChessBase"]
[SourceDate "2010.07.02"]
[SourceVersion "2"]
[SourceVersionDate "2010.07.15"]
[SourceQuality "1"]

1. e4 e5 2. Nf3 Nc6 3. d4 exd4 4. Nxd4 Bc5 5. Nb3 Bb6 6. Qe2 d6 7. Be3 Nf6 8. Nc3 Be6 9. 0-0-0 Qd7 10. f3 Bxe3+ 11. Qxe3 Bxb3 12. axb3 0-0-0 13. Nd5 Kb8 14. Bb5 Nxd5 15. Rxd5 a6 16. Bxc6 Qxc6 17. Rhd1 Rde8 18. Qd4 f6 19. b4 Re5 20. h3 1/2-1/2

[Event "South America-ch U20 Girls 7th"]
[Site "Asuncion"]
[Date "2010.05.13"]
[Round "4.4"]
[White "Orejuela Chango, Paulina"]
[Black "Orbezo Rosales, Ximena Lucia"]
[Result "1-0"]
[WhiteElo "1982"]
[BlackElo "1831"]
[PlyCount "29"]
[EventDate "2010.05.11"]
[EventType "swiss"]
[EventRounds "9"]
[EventCountry "PAR"]
[SourceTitle "EXT 2022"]
[Source "ChessBase"]
[SourceDate "2021.10.06"]
[SourceVersion "1"]
[SourceVersionDate "2021.10.06"]
[SourceQuality "1"]

1. e4 e5 2. Nf3 Nc6 3. d4 exd4 4. Nxd4 Bc5 5. Be3 Qf6 6. Nb5 Bxe3 7. fxe3 Qh4+ 8. g3 Qxe4 9. Nxc7+ Kd8 10. Nxa8 Qxh1 11. Qd6 Nge7 12. Nd2 Qd5 13. Qc7+ Ke8 14. Qxc8+ Nxc8 15. Nc7+ 1-0

[Event "Caribbean-ch U20 Girls"]
[Site "Merida"]
[Date "2010.05.06"]
[Round "6"]
[White "Orejuela Chango, Paulina"]
[Black "Gutierrez Salazar, Leonela"]
[Result "0-1"]
[WhiteElo "1982"]
[BlackElo "2000"]
[PlyCount "114"]
[EventDate "2010.05.02"]
[EventType "swiss"]
[EventRounds "9"]
[EventCountry "VEN"]
[SourceTitle "EXT 2013"]
[Source "ChessBase"]
[SourceDate "2012.11.22"]
[SourceVersion "1"]
[SourceVersionDate "2012.11.22"]
[SourceQuality "1"]

1. e4 c5 2. c3 d5 3. exd5 Qxd5 4. d4 Nc6 5. Nf3 cxd4 6. cxd4 e5 7. Nc3 Bb4 8. Bd2 Bxc3 9. Bxc3 e4 10. Ne5 Nxe5 11. dxe5 Ne7 12. Be2 0-0 13. 0-0 Bf5 14. Re1 Qe6 15. Qd2 Rfd8 16. Qg5 h6 17. Qg3 Rac8 18. a3 Rc6 19. Rac1 h5 20. Qg5 h4 21. Qxh4 Rdc8 22. Bb5 Rc5 23. Ba4 Ng6 24. Qg3 b5 25. Bc2 Qc6 26. Qg5 Nxe5 27. Bxe5 Rxe5 28. Bb3 Bd7 29. Rxc6 Rxg5 30. Rxc8+ Bxc8 31. Rxe4 Bb7 32. Re8+ Kh7 33. g3 Rc5 34. Re1 Rc7 35. f4 Kg6 36. Kf2 a5 37. a4 bxa4 38. Bxa4 Rc4 39. b3 Rc2+ 40. Re2 Rc7 41. Ke3 Bd5 42. Kd2 Be6 43. Kd1 Bg4 44. Kd2 Bxe2 45. Kxe2 Rc2+ 46. Kd3 Rxh2 47. Kc4 Rg2 48. Kb5 Rxg3 49. Kxa5 Kf5 50. b4 Kxf4 51. b5 Ke5 52. Kb6 Kd6 53. Bc2 g5 54. Be4 g4 55. Bb7 Rb3 56. Bc6 g3 57. Kb7 Rxb5+ 0-1

[Event "Pan American-ch U16 Girls"]
[Site "Mar del Plata"]
[Date "2009.08.20"]
[Round "8"]
[White "Martinez, Ayelen"]
[Black "Orejuela Chango, Paulina"]
[Result "1-0"]
[WhiteElo "1977"]
[BlackElo "1964"]
[PlyCount "93"]
[EventDate "2009.08.16"]
[EventType "swiss"]
[EventRounds "9"]
[EventCountry "ARG"]
[SourceTitle "EXT 2022"]
[Source "ChessBase"]
[SourceDate "2021.10.06"]
[SourceVersion "1"]
[SourceVersionDate "2021.10.06"]
[SourceQuality "1"]

1. e4 e5 2. Nf3 Nc6 3. Bb5 a6 4. Ba4 Nf6 5. 0-0 b5 6. Bb3 Bc5 7. d3 0-0 8. Bg5 d6 9. Nc3 Nb8 10. Nd5 Nbd7 11. c3 h6 12. Be3 Bxe3 13. fxe3 Bb7 14. Nxf6+ Nxf6 15. Qe1 Kh7 16. Nh4 d5 17. exd5 Bxd5 18. Bc2 e4 19. Rd1 Qe8 20. d4 Qe6 21. b3 a5 22. Rf5 g5 23. Re5 Qd7 24. Nf5 Ng4 25. Ng3 Nxe5 26. dxe5 c6 27. c4 Qe6 28. cxd5 Qxe5 29. dxc6 f5 30. Rd7+ Kg8 31. Qd1 Rac8 32. Rd6 Rf6 33. Rxf6 Qxf6 34. Qd5+ Qf7 35. Qxb5 Qe6 36. Nxf5 Rf8 37. Nd4 Qf6 38. Qe2 Qe5 39. Qc4+ Kh8 40. Qe6 Qg7 41. Qxe4 Qf7 42. Qe5+ Kg8 43. Qe6 Qxe6 44. Nxe6 Rc8 45. Nd4 Kf7 46. Bf5 Rc7 47. Bd7 1-0

[Event "Pan American-ch U16 Girls"]
[Site "Mar del Plata"]
[Date "2009.08.20"]
[Round "7"]
[White "Orejuela Chango, Paulina"]
[Black "Capelo, Paola"]
[Result "1/2-1/2"]
[WhiteElo "1964"]
[BlackElo "1995"]
[PlyCount "54"]
[EventDate "2009.08.16"]
[EventType "swiss"]
[EventRounds "9"]
[EventCountry "ARG"]
[SourceTitle "EXT 2022"]
[Source "ChessBase"]
[SourceDate "2021.10.06"]
[SourceVersion "1"]
[SourceVersionDate "2021.10.06"]
[SourceQuality "1"]

1. e4 e5 2. Nf3 Nf6 3. Nxe5 d6 4. Nf3 Nxe4 5. d4 d5 6. Bd3 Nc6 7. 0-0 Bg4 8. Re1 f5 9. c3 Be7 10. Nbd2 0-0 11. Qb3 Nxd2 12. Nxd2 Rb8 13. h3 Bh5 14. Be2 Bxe2 15. Rxe2 Bf6 16. Nf3 Ne7 17. Ng5 Qd7 18. Ne6 Rfc8 19. Bf4 Ng6 20. Bh2 Nf8 21. Nc5 Qc6 22. Rae1 b5 23. Be5 Bd8 24. Bh2 Bf6 25. Be5 Bd8 26. Bh2 Bf6 27. Be5 Bd8 1/2-1/2

[Event "Pan American-ch U16 Girls"]
[Site "Mar del Plata"]
[Date "2009.08.19"]
[Round "5"]
[White "Chumpitaz Carbajal, Ann"]
[Black "Orejuela Chango, Paulina"]
[Result "1-0"]
[WhiteElo "2023"]
[BlackElo "1964"]
[PlyCount "73"]
[EventDate "2009.08.16"]
[EventType "swiss"]
[EventRounds "9"]
[EventCountry "ARG"]
[SourceTitle "EXT 2022"]
[Source "ChessBase"]
[SourceDate "2021.10.06"]
[SourceVersion "1"]
[SourceVersionDate "2021.10.06"]
[SourceQuality "1"]

1. e4 e5 2. Nf3 Nc6 3. Bb5 a6 4. Ba4 Nf6 5. 0-0 b5 6. Bb3 Bc5 7. a4 Rb8 8. c3 d6 9. d4 Bb6 10. axb5 axb5 11. Na3 exd4 12. cxd4 b4 13. Nc2 0-0 14. Bd5 Bd7 15. Bg5 Re8 16. Re1 Ne7 17. Nxb4 Nfxd5 18. Nxd5 f6 19. Nxb6 Rxb6 20. Bc1 Ng6 21. h3 Bc6 22. d5 Bd7 23. Nd4 Ne5 24. Qc2 Rb7 25. Bd2 Qe7 26. Ba5 Qf7 27. Ra3 Reb8 28. b4 h6 29. Rc3 Rc8 30. Rc1 Qg6 31. Kh2 Nf7 32. Ne6 Bxe6 33. dxe6 Ng5 34. Rxc7 Rcxc7 35. Bxc7 Rxb4 36. Bxd6 Rxe4 37. f3 1-0

[Event "Central America Carribean-ch U20 Girls"]
[Site "Medellin"]
[Date "2009.08.03"]
[Round "8"]
[White "Orejuela Chango, Paulina"]
[Black "Granada, Angie"]
[Result "1-0"]
[WhiteElo "1964"]
[BlackElo "1910"]
[PlyCount "47"]
[EventDate "2009.07.30"]
[EventType "swiss"]
[EventRounds "9"]
[EventCountry "COL"]
[SourceTitle "CBM 131 Extra"]
[Source "ChessBase"]
[SourceDate "2009.09.03"]
[SourceVersion "2"]
[SourceVersionDate "2009.09.16"]
[SourceQuality "1"]

1. e4 c5 2. c3 d5 3. exd5 Qxd5 4. d4 cxd4 5. cxd4 e6 6. Nf3 Nc6 7. Nc3 Qd8 8. Be3 Nf6 9. Be2 Be7 10. 0-0 0-0 11. h3 b6 12. Ne5 Bb7 13. f4 Nb4 14. a3 Nbd5 15. Bd2 Rc8 16. Bf3 Ba8 17. Kh1 a6 18. Qe1 Qd6 19. Qg3 Rfd8 20. Nxd5 Bxd5 21. Bb4 Qc7 22. Rac1 Qb7 23. Be2 Qd7 24. Bxe7 1-0

[Event "Central America Carribean-ch U20 Girls"]
[Site "Medellin"]
[Date "2009.08.02"]
[Round "5"]
[White "Orejuela Chango, Paulina"]
[Black "Gutierrez Salazar, Leonela"]
[Result "1-0"]
[WhiteElo "1964"]
[BlackElo "1896"]
[PlyCount "43"]
[EventDate "2009.07.30"]
[EventType "swiss"]
[EventRounds "9"]
[EventCountry "COL"]
[SourceTitle "CBM 131 Extra"]
[Source "ChessBase"]
[SourceDate "2009.09.03"]
[SourceVersion "2"]
[SourceVersionDate "2009.09.16"]
[SourceQuality "1"]

1. e4 c5 2. c3 Qa5 3. a3 Nc6 4. Nf3 e5 5. Bc4 b5 6. Bd5 Nge7 7. Ng5 Nxd5 8. exd5 Nd8 9. Qe2 d6 10. f4 Be7 11. fxe5 0-0 12. Ne4 dxe5 13. d3 Bh4+ 14. g3 Bb7 15. 0-0 Ne6 16. gxh4 Nf4 17. Rxf4 exf4 18. Nxc5 Qb6 19. Qf2 Rae8 20. d4 Ba8 21. c4 Qd6 22. Bxf4 1-0

[Event "Central America Carribean-ch U20 Girls"]
[Site "Medellin"]
[Date "2009.08.01"]
[Round "4"]
[White "Castrillon Gomez, Melissa"]
[Black "Orejuela Chango, Paulina"]
[Result "1-0"]
[WhiteElo "2031"]
[BlackElo "1964"]
[PlyCount "77"]
[EventDate "2009.07.30"]
[EventType "swiss"]
[EventRounds "9"]
[EventCountry "COL"]
[SourceTitle "CBM 131 Extra"]
[Source "ChessBase"]
[SourceDate "2009.09.03"]
[SourceVersion "2"]
[SourceVersionDate "2009.09.16"]
[SourceQuality "1"]

1. e4 e5 2. Nf3 Nc6 3. Bb5 a6 4. Ba4 Nf6 5. 0-0 b5 6. Bb3 Bc5 7. c3 0-0 8. d4 Bb6 9. Nxe5 Nxe5 10. dxe5 Nxe4 11. Bd5 Nxf2 12. Rxf2 Bxf2+ 13. Kxf2 Rb8 14. Be3 Bb7 15. Bxb7 Rxb7 16. Qg4 Qe7 17. Nd2 Rbb8 18. Nf3 Rbe8 19. Re1 Kh8 20. Qh5 f5 21. Ng5 h6 22. Nf3 f4 23. Bd4 c5 24. Nh4 Rf6 25. Re2 Rc6 26. e6 Rxe6 27. Ng6+ Rxg6 28. Rxe7 Rxe7 29. Qxg6 cxd4 30. cxd4 Re6 31. Qf7 Rc6 32. Kf3 Rc1 33. Qxd7 Ra1 34. Kg4 Rxa2 35. Qe8+ Kh7 36. Qe4+ Kh8 37. Kh5 Kg8 38. Kg6 Kf8 39. Qe6 1-0

[Event "Pan American-ch U14 Girls 20th"]
[Site "Villa Carlos Paz"]
[Date "2008.07.04"]
[Round "7"]
[White "Orejuela Chango, Paulina"]
[Black "Lugo Lozano, Luz Adriana"]
[Result "1-0"]
[WhiteElo "1847"]
[BlackElo "1980"]
[PlyCount "99"]
[EventDate "2008.06.30"]
[EventType "swiss"]
[EventRounds "9"]
[EventCountry "ARG"]
[SourceTitle "EXT 2022"]
[Source "ChessBase"]
[SourceDate "2021.10.06"]
[SourceVersion "1"]
[SourceVersionDate "2021.10.06"]
[SourceQuality "1"]

1. e4 e5 2. Nf3 Nf6 3. Nxe5 d6 4. Nf3 Nxe4 5. d4 d5 6. Nbd2 Bg4 7. Be2 Be7 8. h3 Bf5 9. 0-0 0-0 10. Bd3 Nxd2 11. Qxd2 Bxd3 12. Qxd3 Nd7 13. Bf4 h6 14. Rfe1 Re8 15. Qb3 Nb6 16. Ne5 Bd6 17. Bh2 Re6 18. Re3 f6 19. Ng4 Bxh2+ 20. Kxh2 Qd6+ 21. Rg3 Qf4 22. Ne3 Qxf2 23. Nxd5 Nxd5 24. Qxd5 Rae8 25. Qc4 Qf4 26. Rf1 Qd6 27. Rxf6 Kh8 28. Rxe6 Rxe6 29. Qd3 Qf4 30. Qf3 Qd6 31. Qxb7 Re3 32. Qc8+ Kh7 33. Qg4 g6 34. c4 h5 35. Qg5 Rxg3 36. Qxg3 Qxd4 37. Qxc7+ Kh6 38. b3 h4 39. c5 Qb2 40. c6 Qf6 41. b4 Qd4 42. b5 Qf6 43. a4 Qa1 44. a5 g5 45. Qd6+ Kh5 46. Qc5 Qxa5 47. c7 Qe1 48. c8Q Qg3+ 49. Kh1 Qe1+ 50. Qg1 1-0